Statistics for Biggest U.S. Cities in Order without Hints

Click here to take the quiz!

General Stats

  • This quiz has been taken 94 times
    (93 since last reset)
  • The average score is 14 of 20

Answer Stats

City% Correct
Houston
100%
Los Angeles
100%
New York City
100%
Chicago
99%
Phoenix
87%
San Antonio
84%
Dallas
83%
Philadelphia
83%
San Diego
79%
San Jose
75%
Austin
69%
Jacksonville
65%
Columbus
56%
San Francisco
56%
Charlotte
53%
Fort Worth
51%
Seattle
51%
Washington
48%
Indianapolis
47%
Denver
45%

Score Distribution

Percentile by Number Answered

Percent of People with Each Score

Your Score History

You have not taken this quiz since the last reset